000
00219nam a2200097Ia 4500
008
230331s9999 xx 000 0 und d
020
_a
9781420501162
100
_a
LANIER. WEDY
_9
177793
245
0
_a
ABORTION
942
_c
BK
_y
561
_z
John Tresidder
999
_c
94019
_d
94018